| 000 | 00493nam a22001697a 4500 | ||
|---|---|---|---|
| 003 | OSt | ||
| 005 | 20140310182158.0 | ||
| 008 | 130831t xxu||||| |||| 00| 0 eng d | ||
| 020 | _a9781850151845 | ||
| 050 |
_aQR 31. _b.G113 1994 |
||
| 082 |
_aHS 616.014 _bB531 1990 |
||
| 245 |
_aAlexander Fleming _b the bacteriologist who discovered penicilin _cBirch, Beverley |
||
| 260 |
_aUnited kingdom : _bExley, _cc1990. |
||
| 300 |
_a64 p. : _bill. _c21 cm. |
||
| 942 |
_2lcc _cHS |
||
| 999 |
_c10127 _d10127 |
||